00704nam a2200193Ia 4500003000900000008004100009020001800050040001600068080001800084100002400102245009200126250001200218260004000230300001400270650006100284942000700345999001700352952014100369IN-BaIIA211028s9999 xx 000 0 eng d a0-85274-484-6 cIIA Library a524.3-17bKIT aKitchin, C.R913740 0aAstrophysical techniquescC. R. Kitchin  a3rd ed. aBristolbInstitute of Physicsc1998 axv, 474p. aAstronomical techniques, astrophysical techniques921949 cBK c12530d12530 00102ddc4070aBANbKODcGENd1998-06-16eEDS g1370.57l0o524.3-17/ KITp13447r2021-11-05v1370.57w1998-06-16yBKGRs. 1370.57